Informe final del Ejercicio Profesional Supervisado, realizado en la Oficina de Gestión Social de la Municipalidad de Cobán, Alta Verapaz/ (Registro nro. 1801)
[ vista simple ]
| 000 -LEADER | |
|---|---|
| campo de control de longitud fija | 03233nam a22003137i 4500 |
| 001 - NÚMERO DE CONTROL | |
| campo de control | TCPA 41 |
| 003 - IDENTIFICADOR DE NÚMERO DE CONTROL | |
| campo de control | gtcocun |
| 005 - FECHA Y HORA DE LA ÚLTIMA TRANSACCIÓN | |
| campo de control | 20250911175455.0 |
| 006 - CÓDIGOS DE INFORMACIÓN DE LONGITUD FIJA--CARACTERÍSTICAS DEL MATERIAL ADICIONAL | |
| campo de control de longitud fija | a||||gr|||| 00| 0 |
| 008 - DATOS DE LONGITUD FIJA--INFORMACIÓN GENERAL | |
| campo de control de longitud fija | 250911b2017 GT ||||| m||| 00| 0 eng d |
| 040 ## - FUENTE DE CATALOGACIÓN | |
| Centro catalogador/agencia de origen | gtcocun |
| Lengua de catalogación | SPA |
| Centro/agencia transcriptor | gtcocun |
| Normas de descripción | RDA |
| 041 ## - CÓDIGO DE IDIOMA | |
| Código de lengua del texto/banda sonora o título independiente | SPA |
| 084 ## - OTRO NÚMERO DE CLASIFICACIÓN | |
| Número de control del registro de autoridad o número normalizado | TCPA 41 |
| 100 ## - ENTRADA PRINCIPAL--NOMBRE DE PERSONA | |
| Nombre de persona | Sacrab Macz, Cesar Augusto |
| Término indicativo de función/relación | Autor |
| 245 ## - MENCIÓN DEL TÍTULO | |
| Título | Informe final del Ejercicio Profesional Supervisado, realizado en la Oficina de Gestión Social de la Municipalidad de Cobán, Alta Verapaz/ |
| Mención de responsabilidad, etc. | Cesar Augusto Sacrab Macz |
| Medio | Impreso |
| 264 ## - PRODUCCIÓN, PUBLICACIÓN, DISTRIBUCIÓN, FABRICACIÓN Y COPYRIGHT | |
| Producción, publicación, distribución, fabricación y copyright | Cobán, Alta Verapaz: |
| Nombre del de productor, editor, distribuidor, fabricante | Universidad de San Carlos de Guatemala, Centro Universitario del Norte, Licenciatura en Contaduría Pública y Auditoría. |
| Fecha de producción, publicación, distribución, fabricación o copyright | 2017 |
| 300 ## - DESCRIPCIÓN FÍSICA | |
| Extensión | 47 p.: |
| Otras características físicas | Ilustraciones, gráficas. |
| Dimensiones | 28 cm; PDF |
| 336 ## - TIPO DE CONTENIDO | |
| Fuente | rdacontenido |
| Término de tipo de contenido | Texto |
| Código de tipo de contenido | txt |
| 337 ## - TIPO DE MEDIO | |
| Fuente | rdamedio |
| Nombre/término del tipo de medio | Computadora |
| Código del tipo de medio | n |
| 338 ## - TIPO DE SOPORTE | |
| Fuente | rdasoporte |
| Nombre/término del tipo de soporte | Código en línea |
| Código del tipo de soporte | cr |
| 502 ## - NOTA DE TESIS | |
| identificador de la tesis | . |
| 502 ## - NOTA DE TESIS | |
| Nota de tesis | Tesis de grado |
| Tipo de título | Licenciatura en Contaduría Pública y Auditoría. |
| Nombre de la institución que otorga el título | Universidad de San Carlos de Guatemala, Centro Universitario del Norte, Licenciatura en Contaduría Pública y Auditoría. |
| Año de obtención del título | 2017 |
| Identificador de la tesis | TCPA 41 |
| 520 14 - RESUMEN, ETC. | |
| Sumario, etc. | El Centro Universitario del Norte (CUNOR) entre su oferta académica, ofrece<br/>la licenciatura en Contaduría Pública y Auditoría, y como parte de su pensum de<br/>estudios, incluye el Ejercicio Profesional Supervisado, que fue realizado en la<br/>oficina de Gestión Social de la municipalidad de Cobán Alta Verapaz. Oficina<br/>que se dedica a la atención de las necesidades de la población en general.<br/><br/>El Ejercicio Profesional Supervisado consta de varias fases, en la etapa inicial<br/>se elaboró un diagnóstico del municipio para detectar los problemas sociales que<br/>más afectan a la población. Posteriormente se evaluaron y elaboraron tres<br/>proyectos productivos de inversión; en dos fincas ubicadas en diferentes<br/>comunidades para contrarrestar los principales problemas socioeconómicos, que<br/>afectan a la población del área rural.<br/><br/>El primer proyecto evaluado y elaborado fue el cultivo de cacao (theobroma<br/>de cacao) en la finca el Temal del municipio de Cobán, Alta Verapaz. Con este<br/>se pretende generar empleo a los comunitarios ubicados alrededor del lugar, que<br/>sobreviven de la siembra de maíz y otros cultivos tradicionales. Esta a su vez<br/>beneficiará el medio ambiente, puesto que el cultivo es amigable con el medio<br/>natural; ya que requiere sombra para poder producirse.<br/><br/>La segunda actividad realizada fue la evaluación y elaboración del proyecto<br/>de crianza y engorde de pollo en la finca Chitocan; municipio de Cobán, Alta<br/>Verapaz. Con este se procura disminuir en un mínimo porcentaje la pobreza<br/>existente en las comunidades, puesto que generará empleo para los habitantes y<br/>la mayoría de mujeres se verán beneficiados. Con esta acción también se aspira<br/>a diversificar la producción en el territorio. |
| 650 14 - PUNTO DE ACCESO ADICIONAL DE MATERIA--TÉRMINO DE MATERIA | |
| Fuente del encabezamiento o término | LEMB |
| Término de materia o nombre geográfico como elemento de entrada | Cobán, Alta Verapaz |
| Subdivisión general | cacao |
| -- | destace de pollo |
| -- | cerdos |
| 700 ## - ENTRADA AGREGADA--NOMBRE PERSONAL | |
| Nombre de persona | Lic. Carlos Abraham Sierra Alvarado |
| Término indicativo de función/relación | Asesor |
| 856 ## - LOCALIZACIÓN Y ACCESO ELECTRÓNICOS | |
| Identificador Uniforme de Recurso | <a href="https://drive.google.com/file/d/11kC4h1GnBLkuBqfZoYtg7ysOXu4XEdOZ/view?usp=sharing">https://drive.google.com/file/d/11kC4h1GnBLkuBqfZoYtg7ysOXu4XEdOZ/view?usp=sharing</a> |
| Texto de enlace | |
| Nota pública | Un ejemplar en línea. |
| 942 ## - ELEMENTOS DE ENTRADA SECUNDARIOS (KOHA) | |
| Fuente de la clasificación o esquema de estantería | Clasificación Decimal Dewey |
| Tipo de ítem Koha | TESIS |
| Prefijo de la signatura | Clasificación |
| Suprimir en OPAC | No |
| Estatus retirado | Estado de pérdida | Fuente de la clasificación o esquema de estantería | Estado de daño | No para préstamo | Colección | Biblioteca de origen | Biblioteca actual | Ubicación en estantería | Fecha de adquisición | Número de inventario | Total de préstamos | Signatura topográfica completa | Código de barras | Visto por última vez | Precio de reemplazo | Tipo de ítem Koha |
|---|---|---|---|---|---|---|---|---|---|---|---|---|---|---|---|---|
| Clasificación Decimal Dewey | tesis | BIBLIOTECA- CUNOR -JOSÉ LUIS GONZALES ROSALES | BIBLIOTECA- CUNOR -JOSÉ LUIS GONZALES ROSALES | Colección tesis | 11/09/2025 | TCPA 041 | TCPA 041 | TCPA 041 | 11/09/2025 | 11/09/2025 | TESIS |